000 00658nam a2200253Ia 4500
001 17876
005 20240113235820.0
007 ta
008 060107s1972 g b000 u 465 u
040 _aCotton College Assam
041 _a465
082 _a320.954
_bK 959 Is
100 _aKulkarni, V.B. .
245 0 _aIs India a Big Power ? /
_cV.B.Kulkarni.
_hTextual Documents
250 _a1st ed. /
260 _aCalcutta :
_bOrient Book Co. ,
_c1972.
300 _a167p. ;
_c22cm.
653 _aPolicy-India
653 _aPolitics-India
653 _aG-Political Science
942 _2ddc
_cBK
999 _c17858
_d17858